All 1m Cities in Brazil - Statistics

General Stats
  • This quiz has been taken 29 times
  • The average score is 16 of 21
Answer Stats
Hint Answer % Correct
5,000,000 Belo Horizonte
100%
4,000,000 Brasília
100%
3,850,000 Recife
100%
13,200,000 Rio de Janeiro
100%
3,600,000 Salvador
100%
22,400,000 São Paulo
100%
3,675,000 Fortaleza
96%
2,000,000 Manaus
96%
4,125,000 Porto Alegre
96%
2,225,000 Belém
88%
3,425,000 Curitiba
88%
1,410,000 Natal
80%
3,200,000 Campinas
76%
1,440,000 São Luís
72%
2,425,000 Goiânia
60%
1,000,000 Florianópolis
48%
1,740,000 Santos
48%
1,130,000 João Pessoa
40%
1,850,000 Vitória
40%
1,110,000 Maceió
32%
1,040,000 Teresina
20%
No matching quizzes found
Score Distribution
Percent of People with Each Score
Percentile by Number Answered
Your Score History
You have not taken this quiz